[Event "Cardiff Masters"]
[Site "Cardiff"]
[Date "1997.02.18"]
[Round "4"]
[White "Siebrecht, Sebastian"]
[Black "Tozer, Richard"]
[Result "1-0"]
[WhiteElo "2380"]
[BlackElo "2380"]
[PlyCount "133"]
[EventDate "1997.02.17"]
[EventType "tourn"]
[EventRounds "9"]
[EventCountry "WLS"]
[EventCategory "4"]
[SourceTitle "BritBase"]
[Source "britbase.info"]
[SourceDate "2021.07.30"]
[SourceVersion "1"]
[SourceVersionDate "2021.07.30"]
[SourceQuality "1"]

1. Nf3 d6 2. g3 f5 3. Bg2 Nf6 4. d4 g6 5. O-O Bg7 6. b3 O-O 7. Bb2 Na6 8. Re1
c5 9. d5 Nc7 10. c4 b5 11. Nbd2 Rb8 12. Bc3 e5 13. e4 Bd7 14. a3 Qe8 15. b4
bxc4 16. bxc5 Nb5 17. Bb4 c3 18. Nc4 Nxe4 19. c6 Bc8 20. Rxe4 fxe4 21. Ng5 Nd4
22. Nxe4 c2 23. Qd3 Ba6 24. Rc1 Qf7 25. Rxc2 Nxc2 26. Qxc2 Kh8 27. Nexd6 Qe7
28. Nf5 Qf6 29. Nxg7 Kxg7 30. Bxf8+ Rxf8 31. Ne3 Qd6 32. Qa4 Bd3 33. Qxa7+ Rf7
34. Qa5 e4 35. Qc3+ Kf8 36. a4 Ke8 37. Ng4 h5 38. Ne5 Qf6 39. f4 exf3 40. Bxf3
Ba6 41. c7 Qb6+ 42. Kg2 Qxc7 43. Nc6 Qd6 44. Qe3+ Kf8 45. Nd4 Qb4 46. Qh6+ Ke8
47. Qe3+ Kf8 48. Qh6+ Ke8 49. Qh8+ Kd7 50. Qe5 Qd2+ 51. Kh3 Bf1+ 52. Kh4 Qxh2+
53. Kg5 Re7 54. Ne6 Qc2 55. Be4 Qc1+ 56. Kh4 g5+ 57. Kxh5 Be2+ 58. Kg6 Qc8 59.
Kxg5 Qg8+ 60. Bg6 Qc8 61. Qxe2 Qc1+ 62. Kf6 Qc3+ 63. Qe5 Qc8 64. Kg5 Qc1+ 65.
Qf4 Qc3 66. Bf5 Ke8 67. Qb8+ 1-0

[Event "Cardiff Masters"]
[Site "Cardiff"]
[Date "1997.02.19"]
[Round "5"]
[White "Mannion, Stephen R"]
[Black "Siebrecht, Sebastian"]
[Result "1/2-1/2"]
[WhiteElo "2380"]
[BlackElo "2380"]
[PlyCount "155"]
[EventDate "1997.02.17"]
[EventType "tourn"]
[EventRounds "9"]
[EventCountry "WLS"]
[EventCategory "4"]
[SourceTitle "BritBase"]
[Source "britbase.info"]
[SourceDate "2021.07.30"]
[SourceVersion "1"]
[SourceVersionDate "2021.07.30"]
[SourceQuality "1"]

1. e4 c5 2. Nf3 e6 3. d4 cxd4 4. Nxd4 a6 5. Bd3 Qc7 6. O-O Nf6 7. Qe2 d6 8. c4
Be7 9. Nc3 b6 10. f4 Bb7 11. Kh1 Nbd7 12. Bd2 Nc5 13. Bc2 h5 14. b4 Ncd7 15.
Rae1 h4 16. Nf3 g6 17. a3 Rc8 18. Bd3 Qb8 19. Ng5 Nh5 20. f5 gxf5 21. exf5 e5
22. Be4 Ndf6 23. Nd5 Bxd5 24. Bxd5 Nxd5 25. cxd5 b5 26. Rc1 Bf6 27. Ne4 Kd7 28.
Rxc8 Qxc8 29. Rc1 Qa8 30. Qxh5 Rxh5 31. Nxf6+ Ke7 32. Nxh5 Qxd5 33. Bg5+ f6 34.
Nxf6 Qd3 35. Bxh4 Qxf5 36. Kg1 Ke6 37. Rf1 Qd3 38. g4 Qxa3 39. g5 Qxb4 40. Bg3
Qd4+ 41. Bf2 Qd3 42. Re1 b4 43. Re3 Qd1+ 44. Kg2 b3 45. Ne4 Qg4+ 46. Ng3 Qb4
47. Ne4 b2 48. Nc3 d5 49. Rg3 Qxc3 50. Rxc3 b1=Q 51. Rf3 d4 52. h4 d3 53. Be3
Qc2+ 54. Rf2 Qd1 55. Kg3 Qh5 56. Bd2 Kd5 57. Rf6 e4 58. Rf5+ Kd4 59. Rf4 Qd1
60. Rf2 Kc4 61. Be3 a5 62. Kf4 Qh1 63. Kg4 a4 64. g6 a3 65. Kh5 a2 66. g7 Qd1+
67. Kh6 Qg1 68. Bg5 Qxf2 69. g8=Q+ Kc3 70. Qc8+ Kb2 71. Qb7+ Kc2 72. Qc6+ Kd1
73. Qa4+ Qc2 74. Qxe4 d2 75. Qh1+ Ke2 76. Qg2+ Kd3 77. Qd5+ Ke2 78. Qg2+
1/2-1/2

[Event "Cardiff Masters"]
[Site "Cardiff"]
[Date "1997.02.19"]
[Round "5"]
[White "Saunders, John C"]
[Black "Cobb, James"]
[Result "0-1"]
[WhiteElo "2240"]
[BlackElo "2320"]
[PlyCount "76"]
[EventDate "1997.02.17"]
[EventType "tourn"]
[EventRounds "9"]
[EventCountry "WLS"]
[EventCategory "4"]
[SourceTitle "BritBase"]
[Source "britbase.info"]
[SourceDate "2021.07.30"]
[SourceVersion "1"]
[SourceVersionDate "2021.07.30"]
[SourceQuality "1"]

1. c4 Nf6 2. Nc3 g6 3. d4 d6 4. e4 Bg7 5. f4 O-O 6. Nf3 c5 7. d5 e6 8. Be2 exd5
9. cxd5 b5 10. e5 dxe5 11. fxe5 Ng4 12. Bf4 Nd7 13. Bxb5 Ndxe5 14. Nxe5 Nxe5
15. O-O c4 16. Qd2 a6 17. Ba4 Bf5 18. Rae1 Nd3 19. Bc6 Nxe1 20. Rxe1 Rc8 21.
Kh1 Qb6 22. Be3 Qa5 23. Bg5 Rb8 24. Be7 Rxb2 25. Qxb2 Qxc3 26. Qxc3 Bxc3 27.
Rc1 Rb8 28. Bd6 Rb1 29. Bf4 Rxc1+ 30. Bxc1 Be4 31. Kg1 Bd4+ 32. Kf1 f5 33. a4
Kf7 34. g3 Kf6 35. a5 Bc3 36. Bb7 Bxa5 37. Bxa6 Bxd5 38. Ke2 Ke5 0-1

[Event "Cardiff Masters"]
[Site "Cardiff"]
[Date "1997.02.19"]
[Round "5"]
[White "Tozer, Richard"]
[Black "Gormally, Daniel"]
[Result "0-1"]
[WhiteElo "2380"]
[BlackElo "2375"]
[PlyCount "68"]
[EventDate "1997.02.17"]
[EventType "tourn"]
[EventRounds "9"]
[EventCountry "WLS"]
[EventCategory "4"]
[SourceTitle "BritBase"]
[Source "britbase.info"]
[SourceDate "2021.07.30"]
[SourceVersion "1"]
[SourceVersionDate "2021.07.30"]
[SourceQuality "1"]

1. d4 Nf6 2. c4 g6 3. Nc3 Bg7 4. e4 d6 5. Be2 O-O 6. Bg5 Na6 7. Qd2 e5 8. d5
Qe8 9. h4 Nh5 10. Bxh5 gxh5 11. Nge2 f6 12. Be3 f5 13. exf5 Bxf5 14. Ng3 Bd7
15. Nce4 b6 16. b4 Rf4 17. Rb1 Qf7 18. f3 Rf8 19. Bxf4 exf4 20. Ne2 Be5 21. a3
Bf5 22. Nd4 Bxe4 23. fxe4 Qg7 24. Ne2 Kh8 25. Kf2 Nb8 26. Rh3 Nd7 27. Ng1 Nf6
28. Qe2 Qg6 29. Re1 Ng4+ 30. Kf1 Ne3+ 31. Rxe3 fxe3+ 32. Nf3 Qxe4 33. Qxe3 Qxh4
34. Re2 Bd4 0-1

[Event "Cardiff Masters"]
[Site "Cardiff"]
[Date "1997.02.19"]
[Round "5"]
[White "Williams, Simon Kim"]
[Black "Ionescu, Cristian Dan"]
[Result "1-0"]
[WhiteElo "2255"]
[BlackElo "2290"]
[PlyCount "77"]
[EventDate "1997.02.17"]
[EventType "tourn"]
[EventRounds "9"]
[EventCountry "WLS"]
[EventCategory "4"]
[SourceTitle "BritBase"]
[Source "britbase.info"]
[SourceDate "2021.07.30"]
[SourceVersion "1"]
[SourceVersionDate "2021.07.30"]
[SourceQuality "1"]

1. c4 c5 2. Nc3 Nf6 3. e4 Nc6 4. g3 g6 5. Bg2 Bg7 6. Nge2 O-O 7. d3 Ne8 8. Be3
d6 9. O-O Nc7 10. d4 cxd4 11. Nxd4 Ne5 12. b3 Ng4 13. Bc1 Ne6 14. Nxe6 Bxe6 15.
Bb2 Rb8 16. Qe2 Nf6 17. h3 Qa5 18. Nd5 Bxd5 19. exd5 Rfe8 20. a4 Qb6 21. a5 Qc7
22. b4 Nd7 23. Bxg7 Kxg7 24. Rfc1 b6 25. a6 e5 26. dxe6 Rxe6 27. Qb2+ Kg8 28.
Bd5 Re5 29. Ra3 Rbe8 30. Rf3 R8e7 31. Qd2 Kg7 32. Qd4 f6 33. Kg2 Re1 34. Rxe1
Rxe1 35. Re3 Rxe3 36. Qxe3 f5 37. Qe7+ Kh6 38. Bg8 Qc6+ 39. f3 1-0

[Event "Cardiff Masters"]
[Site "Cardiff"]
[Date "1997.02.19"]
[Round "6"]
[White "Daly, Colm"]
[Black "Williams, Simon Kim"]
[Result "1-0"]
[WhiteElo "2310"]
[BlackElo "2255"]
[PlyCount "110"]
[EventDate "1997.02.17"]
[EventType "tourn"]
[EventRounds "9"]
[EventCountry "WLS"]
[EventCategory "4"]
[SourceTitle "BritBase"]
[Source "britbase.info"]
[SourceDate "2021.07.30"]
[SourceVersion "1"]
[SourceVersionDate "2021.07.30"]
[SourceQuality "1"]

1. e4 c5 2. Nf3 d6 3. d4 cxd4 4. Nxd4 Nf6 5. Nc3 g6 6. Be2 Bg7 7. O-O O-O 8.
Nb3 Nbd7 9. Re1 a6 10. a4 b6 11. f4 Bb7 12. Bf3 Rc8 13. Qd3 Qc7 14. Be3 Rfd8
15. Rad1 Ne8 16. Bd2 Qc4 17. Qxc4 Rxc4 18. Be2 Rcc8 19. Bd3 Nc5 20. Nxc5 dxc5
21. e5 Nc7 22. Be4 Bxe4 23. Nxe4 Ne6 24. Be3 f6 25. exf6 Bxf6 26. c3 Kf7 27.
Kf2 c4 28. Rxd8 Rxd8 29. Bxb6 Rb8 30. a5 Nxf4 31. Nc5 Ra8 32. Re4 Nd3+ 33. Nxd3
cxd3 34. Ke3 e5 35. Kxd3 Ke6 36. Rc4 Bg5 37. Ke4 Rf8 38. Rc6+ Kd7 39. Rc7+ Ke6
40. Be3 Bxe3 41. Kxe3 Kd5 42. c4+ Kd6 43. Rb7 Kc5 44. Kd3 Rf2 45. b4+ Kc6 46.
Rxh7 Rb2 47. Kc3 Rxg2 48. Ra7 Rxh2 49. Rxa6+ Kb7 50. b5 Rh3+ 51. Kb4 e4 52.
Rxg6 e3 53. a6+ Kb8 54. b6 Rh8 55. Re6 Kc8 1-0

[Event "Cardiff Masters"]
[Site "Cardiff"]
[Date "1997.02.19"]
[Round "6"]
[White "Gormally, Daniel"]
[Black "Cobb, James"]
[Result "1/2-1/2"]
[WhiteElo "2375"]
[BlackElo "2320"]
[PlyCount "36"]
[EventDate "1997.02.17"]
[EventType "tourn"]
[EventRounds "9"]
[EventCountry "WLS"]
[EventCategory "4"]
[SourceTitle "BritBase"]
[Source "britbase.info"]
[SourceDate "2021.07.30"]
[SourceVersion "1"]
[SourceVersionDate "2021.07.30"]
[SourceQuality "1"]

1. d4 Nf6 2. c4 e6 3. Nf3 c5 4. d5 a6 5. Bg5 h6 6. Bh4 exd5 7. cxd5 d6 8. Nc3
Be7 9. e4 O-O 10. Bg3 b5 11. Bd3 Bg4 12. h3 Bh5 13. O-O Nbd7 14. b3 Re8 15. a4
b4 16. Nb1 Bf8 17. Nbd2 c4 18. bxc4 Nc5 1/2-1/2

[Event "Cardiff Masters"]
[Site "Cardiff"]
[Date "1997.02.19"]
[Round "6"]
[White "Ionescu, Cristian Dan"]
[Black "Saunders, John C"]
[Result "1-0"]
[WhiteElo "2290"]
[BlackElo "2240"]
[PlyCount "83"]
[EventDate "1997.02.17"]
[EventType "tourn"]
[EventRounds "9"]
[EventCountry "WLS"]
[EventCategory "4"]
[SourceTitle "BritBase"]
[Source "britbase.info"]
[SourceDate "2021.07.30"]
[SourceVersion "1"]
[SourceVersionDate "2021.07.30"]
[SourceQuality "1"]

1. d4 g6 2. c4 Bg7 3. Nc3 d6 4. e4 Nf6 5. Nf3 O-O 6. Be2 e5 7. O-O Nc6 8. d5
Ne7 9. Ne1 Nd7 10. Nd3 f5 11. f3 Nf6 12. Bd2 f4 13. c5 g5 14. cxd6 cxd6 15. Nf2
Ng6 16. a4 Rf7 17. Nb5 h5 18. h3 Bf8 19. Qc2 g4 20. fxg4 hxg4 21. hxg4 Rh7 22.
Rfc1 Ne8 23. Ra3 a6 24. Rc3 Bd7 25. Na3 Be7 26. Be1 Bh4 27. Nh3 Bxe1 28. Rxe1
Qh4 29. Rc1 Nf6 30. Nc4 Bxg4 31. Bxg4 Nxg4 32. Nxd6 Ne3 33. Nf5 Qg5 34. Nxe3
fxe3 35. Rxe3 Rf8 36. Qe2 Qh4 37. Qe1 Qh6 38. Qg3 Rg7 39. Qg5 Qh7 40. Rg3 Rff7
41. Rc8+ Nf8 42. Qxe5 1-0

[Event "Cardiff Masters"]
[Site "Cardiff"]
[Date "1997.02.19"]
[Round "6"]
[White "Siebrecht, Sebastian"]
[Black "McShane, Luke J"]
[Result "1/2-1/2"]
[WhiteElo "2380"]
[BlackElo "2400"]
[PlyCount "119"]
[EventDate "1997.02.17"]
[EventType "tourn"]
[EventRounds "9"]
[EventCountry "WLS"]
[EventCategory "4"]
[SourceTitle "BritBase"]
[Source "britbase.info"]
[SourceDate "2021.07.30"]
[SourceVersion "1"]
[SourceVersionDate "2021.07.30"]
[SourceQuality "1"]

1. Nf3 Nf6 2. d4 g6 3. Bg5 Bg7 4. Nbd2 O-O 5. e4 d6 6. c3 Nbd7 7. Be2 e5 8.
dxe5 dxe5 9. O-O h6 10. Bh4 b6 11. Re1 Bb7 12. Qc2 Qe8 13. Bf1 Nh5 14. Rad1 Nf4
15. Nc4 f6 16. Bg3 Ne6 17. Ne3 Kh7 18. Nd5 a6 19. b4 Rf7 20. a4 Bf8 21. Qb3 c6
22. Ne3 b5 23. Rd2 Nb6 24. a5 Nc8 25. Red1 Na7 26. Ng4 Bg7 27. Rd6 Bc8 28. Ne3
Rb8 29. h4 h5 30. Bxe5 fxe5 31. Rxe6 Bxe6 32. Ng5+ Kh8 33. Nxe6 Rd7 34. Nc5
Rxd1 35. Nxd1 Rd8 36. Nb2 Qe7 37. Nbd3 Nc8 38. Nxa6 Qxh4 39. Nac5 Nd6 40. Qe6
Qf6 41. Qh3 Nf7 42. a6 Ng5 43. Qe3 Ra8 44. Nd7 Qe7 45. N3c5 Ne6 46. Nb6 Rd8 47.
Nxe6 Qxe6 48. a7 Qa2 49. a8=Q Rxa8 50. Nxa8 Qxa8 51. Qc5 Qe8 52. g3 Bf8 53. Qa7
Qe7 54. Qb8 Qd6 55. Qe8 Kg7 56. Bh3 c5 57. Qxb5 cxb4 58. cxb4 Qd4 59. Qd7+ Qxd7
60. Bxd7 1/2-1/2

[Event "Cardiff Masters"]
[Site "Cardiff"]
[Date "1997.02.19"]
[Round "6"]
[White "Tozer, Richard"]
[Black "Mannion, Stephen R"]
[Result "1-0"]
[WhiteElo "2380"]
[BlackElo "2380"]
[PlyCount "99"]
[EventDate "1997.02.17"]
[EventType "tourn"]
[EventRounds "9"]
[EventCountry "WLS"]
[EventCategory "4"]
[SourceTitle "BritBase"]
[Source "britbase.info"]
[SourceDate "2021.07.30"]
[SourceVersion "1"]
[SourceVersionDate "2021.07.30"]
[SourceQuality "1"]

1. d4 Nf6 2. c4 c5 3. d5 b5 4. cxb5 a6 5. Nc3 axb5 6. e4 b4 7. Nb5 d6 8. Bf4 g5
9. Bxg5 Nxe4 10. Bf4 Qa5 11. Bc4 Ba6 12. Qe2 Kd8 13. Nf3 b3+ 14. Nd2 Bxb5 15.
Bxb5 Nxd2 16. Bxd2 Qxa2 17. Rxa2 bxa2 18. O-O a1=Q 19. Rxa1 Rxa1+ 20. Be1 Rg8
21. h4 Bg7 22. Kh2 Bf6 23. b4 Bxh4 24. bxc5 Rg6 25. c6 Bf6 26. g3 Rg5 27. Qc4
Kc7 28. Bd2 Rh5+ 29. Kg2 e6 30. dxe6 fxe6 31. Bf4 Rd5 32. Qb3 Nxc6 33. Qb4 Rxb5
34. Qxb5 Bd4 35. Qd3 Ra2 36. Qxh7+ Kb6 37. Bxd6 Rxf2+ 38. Kh3 Ka6 39. Qd7 Rc2
40. Qxe6 Rc3 41. Kh4 Kb6 42. g4 Bc5 43. g5 Rd3 44. Bxc5+ Kxc5 45. g6 Rd4+ 46.
Kg5 Rd5+ 47. Kf6 Rh5 48. Qe3+ Kd6 49. g7 Ne5 50. Qd4+ 1-0

[Event "Cardiff Masters"]
[Site "Cardiff"]
[Date "1997.02.20"]
[Round "7"]
[White "Cobb, James"]
[Black "Ionescu, Cristian Dan"]
[Result "1-0"]
[WhiteElo "2320"]
[BlackElo "2290"]
[PlyCount "47"]
[EventDate "1997.02.17"]
[EventType "tourn"]
[EventRounds "9"]
[EventCountry "WLS"]
[EventCategory "4"]
[SourceTitle "BritBase"]
[Source "britbase.info"]
[SourceDate "2021.07.30"]
[SourceVersion "1"]
[SourceVersionDate "2021.07.30"]
[SourceQuality "1"]

1. d4 Nf6 2. Nf3 c5 3. e3 g6 4. c4 Bg7 5. Nc3 O-O 6. Be2 cxd4 7. exd4 d5 8. O-O
Nc6 9. h3 Bf5 10. Be3 dxc4 11. Bxc4 Rc8 12. a3 Na5 13. Ba2 Ne4 14. Rc1 Nxc3 15.
Rxc3 Rxc3 16. bxc3 Qc7 17. Qa4 Bd3 18. Re1 b6 19. c4 Bxc4 20. Rc1 Rc8 21. Bxc4
Nxc4 22. Nd2 b5 23. Qxb5 Qb6 24. Rxc4 1-0

[Event "Cardiff Masters"]
[Site "Cardiff"]
[Date "1997.02.20"]
[Round "7"]
[White "Mannion, Stephen R"]
[Black "Gormally, Daniel"]
[Result "1/2-1/2"]
[WhiteElo "2380"]
[BlackElo "2375"]
[PlyCount "33"]
[EventDate "1997.02.17"]
[EventType "tourn"]
[EventRounds "9"]
[EventCountry "WLS"]
[EventCategory "4"]
[SourceTitle "BritBase"]
[Source "britbase.info"]
[SourceDate "2021.07.30"]
[SourceVersion "1"]
[SourceVersionDate "2021.07.30"]
[SourceQuality "1"]

1. e4 c5 2. Nf3 d6 3. d4 cxd4 4. Nxd4 Nf6 5. Nc3 a6 6. f4 Qc7 7. Qf3 b5 8. e5
Bb7 9. Qe2 b4 10. Ncb5 axb5 11. exf6 gxf6 12. f5 Nc6 13. Nxb5 Qd7 14. Be3 Rc8
15. Qg4 h5 16. Qh3 e5 17. fxe6 1/2-1/2

[Event "Cardiff Masters"]
[Site "Cardiff"]
[Date "1997.02.20"]
[Round "7"]
[White "Saunders, John C"]
[Black "Daly, Colm"]
[Result "1/2-1/2"]
[WhiteElo "2240"]
[BlackElo "2310"]
[PlyCount "111"]
[EventDate "1997.02.17"]
[EventType "tourn"]
[EventRounds "9"]
[EventCountry "WLS"]
[EventCategory "4"]
[SourceTitle "BritBase"]
[Source "britbase.info"]
[SourceDate "2021.07.30"]
[SourceVersion "1"]
[SourceVersionDate "2021.07.30"]
[SourceQuality "1"]

1. e4 c6 2. d4 d5 3. exd5 cxd5 4. Bd3 Nc6 5. c3 Nf6 6. Ne2 g6 7. O-O Bf5 8. Ng3
Bxd3 9. Qxd3 e6 10. Nd2 Bd6 11. Nf3 h6 12. Re1 Qc7 13. Qe2 a6 14. Ne5 Bxe5 15.
dxe5 Nd7 16. f4 Ne7 17. Be3 h5 18. Qf2 Rc8 19. Ne2 Nf5 20. Nd4 Nc5 21. Nxf5
gxf5 22. Bxc5 Qxc5 23. Re3 b5 24. Rd1 Kd7 25. Rd4 Rcg8 26. Red3 Ke7 27. Qh4+
Ke8 28. Qf2 h4 29. Kh1 h3 30. g3 Ke7 31. Kg1 Rc8 32. Kf1 a5 33. Qd2 Qb6 34. b3
Rc7 35. g4 fxg4 36. f5 Rh5 37. f6+ Kd7 38. Qe3 Rf5+ 39. Ke2 Rc6 40. Kd2 Qc5 41.
Rxg4 Qa3 42. Rg7 Qxa2+ 43. Ke1 Qa1+ 44. Kd2 Qb2+ 45. Ke1 Ra6 46. Rxf7+ Kc6 47.
Rc7+ Kxc7 48. Qc5+ Rc6 49. Qa7+ Kc8 50. Qa8+ Kd7 51. Qb7+ Rc7 52. Rxd5+ exd5
53. Qxd5+ Kc8 54. Qa8+ Kd7 55. Qd5+ Ke8 56. Qg8+ 1/2-1/2

[Event "Cardiff Masters"]
[Site "Cardiff"]
[Date "1997.02.20"]
[Round "8"]
[White "Daly, Colm"]
[Black "Cobb, James"]
[Result "0-1"]
[WhiteElo "2310"]
[BlackElo "2320"]
[PlyCount "64"]
[EventDate "1997.02.17"]
[EventType "tourn"]
[EventRounds "9"]
[EventCountry "WLS"]
[EventCategory "4"]
[SourceTitle "BritBase"]
[Source "britbase.info"]
[SourceDate "2021.07.30"]
[SourceVersion "1"]
[SourceVersionDate "2021.07.30"]
[SourceQuality "1"]

1. d4 Nf6 2. c4 e6 3. Nf3 c5 4. g3 d5 5. cxd5 exd5 6. Bg2 Nc6 7. O-O Be7 8. Nc3
O-O 9. Bg5 cxd4 10. Nxd4 h6 11. Be3 Re8 12. Nb3 Be6 13. Bd4 Ne4 14. e3 Bf5 15.
Ne2 Qd7 16. Nf4 Bg5 17. Nd3 Nxd4 18. Nxd4 Bg4 19. Bf3 h5 20. h4 Bf6 21. Bxg4
hxg4 22. Kg2 Rac8 23. Nf4 Rc4 24. b3 Bxd4 25. exd4 Rc3 26. Nd3 f6 27. Rc1 Qf5
28. Kh2 Rxc1 29. Nxc1 g5 30. hxg5 Nxg5 31. Qd3 Nf3+ 32. Kg2 Qh5 0-1

[Event "Cardiff Masters"]
[Site "Cardiff"]
[Date "1997.02.20"]
[Round "8"]
[White "Gormally, Daniel"]
[Black "Ionescu, Cristian Dan"]
[Result "1-0"]
[WhiteElo "2375"]
[BlackElo "2290"]
[PlyCount "87"]
[EventDate "1997.02.17"]
[EventType "tourn"]
[EventRounds "9"]
[EventCountry "WLS"]
[EventCategory "4"]
[SourceTitle "BritBase"]
[Source "britbase.info"]
[SourceDate "2021.07.30"]
[SourceVersion "1"]
[SourceVersionDate "2021.07.30"]
[SourceQuality "1"]

1. d4 Nf6 2. c4 c5 3. d5 g6 4. Nc3 d6 5. e4 Bg7 6. Bd3 O-O 7. Nf3 e6 8. h3 exd5
9. cxd5 Re8 10. O-O c4 11. Bc2 Na6 12. a3 Nc5 13. Re1 Nfd7 14. Bf4 Qb6 15. Rb1
Ne5 16. Nxe5 Bxe5 17. Be3 Qc7 18. Bd4 Nd3 19. Bxe5 Nxe5 20. Qd4 a6 21. Re3 b5
22. Rbe1 f6 23. f4 Nd7 24. Kh1 Bb7 25. Bd1 Qb6 26. Qd2 Nc5 27. Bc2 Nd7 28. Ne2
Nc5 29. Qd4 Rad8 30. Rg3 Nd7 31. Qc3 a5 32. Nd4 b4 33. Qd2 Nc5 34. f5 Nd3 35.
Ne6 Rxe6 36. Bxd3 Re7 37. Bxc4 Kg7 38. fxg6 hxg6 39. Qf4 Qd4 40. Qf5 g5 41.
Rxg5+ Kf8 42. e5 Qxc4 43. Qxf6+ Ke8 44. e6 1-0

[Event "Cardiff Masters"]
[Site "Cardiff"]
[Date "1997.02.20"]
[Round "8"]
[White "Siebrecht, Sebastian"]
[Black "Saunders, John C"]
[Result "1/2-1/2"]
[WhiteElo "2380"]
[BlackElo "2240"]
[PlyCount "43"]
[EventDate "1997.02.17"]
[EventType "tourn"]
[EventRounds "9"]
[EventCountry "WLS"]
[EventCategory "4"]
[SourceTitle "BritBase"]
[Source "britbase.info"]
[SourceDate "2021.07.30"]
[SourceVersion "1"]
[SourceVersionDate "2021.07.30"]
[SourceQuality "1"]

1. e4 g6 2. d4 d6 3. Nc3 c6 4. Be3 Nf6 5. f3 b5 6. Qd2 b4 7. Nd1 a5 8. a3 bxa3
9. Rxa3 Bg7 10. Bh6 Bxh6 11. Qxh6 Nbd7 12. Nh3 Qb6 13. Ng5 Qxd4 14. Qg7 Rf8 15.
Nxh7 Rg8 16. Nxf6+ Nxf6 17. Qh6 g5 18. h4 Rg6 19. Qh8+ Rg8 20. Qh6 Rg6 21. Qh8+
Rg8 22. Qh6 1/2-1/2

[Event "Cardiff Masters"]
[Site "Cardiff"]
[Date "1997.02.20"]
[Round "8"]
[White "Tozer, Richard"]
[Black "Williams, Simon Kim"]
[Result "1/2-1/2"]
[WhiteElo "2380"]
[BlackElo "2255"]
[PlyCount "99"]
[EventDate "1997.02.17"]
[EventType "tourn"]
[EventRounds "9"]
[EventCountry "WLS"]
[EventCategory "4"]
[SourceTitle "BritBase"]
[Source "britbase.info"]
[SourceDate "2021.07.30"]
[SourceVersion "1"]
[SourceVersionDate "2021.07.30"]
[SourceQuality "1"]

1. d4 e6 2. c4 f5 3. Nf3 Nf6 4. Nc3 d5 5. g3 c6 6. Bg2 Bd6 7. O-O O-O 8. b3 Bd7
9. Bb2 Be8 10. Qc1 Ne4 11. Ne5 Nd7 12. Nxe4 fxe4 13. Nxd7 Qxd7 14. Ba3 Bxa3 15.
Qxa3 dxc4 16. e3 cxb3 17. Qxb3 Bg6 18. Rac1 Rab8 19. Rc5 Rf5 20. Bh3 Rd5 21.
Rfc1 Qd6 22. Bg2 e5 23. Bf1 exd4 24. exd4 Bf7 25. Bc4 b6 26. Bxd5 Bxd5 27. Rxc6
Qxc6 28. Rxc6 Bxb3 29. axb3 Rd8 30. Rc7 Rxd4 31. Rxa7 Rb4 32. Ra3 Kf7 33. Kf1
Kf6 34. Ke2 Ke5 35. Ra7 Kf5 36. Ra3 g5 37. h3 h5 38. Ra4 Rxa4 39. bxa4 Ke5 40.
f3 exf3+ 41. Kxf3 Kd4 42. h4 g4+ 43. Kf4 Kd3 44. Kg5 Ke4 45. Kxh5 Kf3 46. Kg6
Kxg3 47. h5 Kf4 48. h6 g3 49. h7 g2 50. Kf7 1/2-1/2

[Event "Cardiff Masters"]
[Site "Cardiff"]
[Date "1997.02.21"]
[Round "9"]
[White "Cobb, James"]
[Black "Siebrecht, Sebastian"]
[Result "1/2-1/2"]
[WhiteElo "2320"]
[BlackElo "2380"]
[PlyCount "45"]
[EventDate "1997.02.17"]
[EventType "tourn"]
[EventRounds "9"]
[EventCountry "WLS"]
[EventCategory "4"]
[SourceTitle "BritBase"]
[Source "britbase.info"]
[SourceDate "2021.07.30"]
[SourceVersion "1"]
[SourceVersionDate "2021.07.30"]
[SourceQuality "1"]

1. d4 g6 2. e4 Bg7 3. Nc3 c6 4. Nf3 d5 5. h3 Nh6 6. Bf4 O-O 7. Qd2 dxe4 8. Nxe4
Nf5 9. c3 b6 10. Bd3 Ba6 11. O-O c5 12. Bxa6 Nxa6 13. d5 Nc7 14. Rad1 Nb5 15.
Rfe1 Nbd6 16. Nxd6 Nxd6 17. Bh6 Re8 18. Bxg7 Kxg7 19. Ne5 Qc7 20. Qf4 Rac8 21.
Rd3 Nf5 22. g4 Nh6 23. Rde3 1/2-1/2

[Event "Cardiff Masters"]
[Site "Cardiff"]
[Date "1997.02.21"]
[Round "9"]
[White "Ionescu, Cristian Dan"]
[Black "Daly, Colm"]
[Result "1/2-1/2"]
[WhiteElo "2290"]
[BlackElo "2310"]
[PlyCount "35"]
[EventDate "1997.02.17"]
[EventType "tourn"]
[EventRounds "9"]
[EventCountry "WLS"]
[EventCategory "4"]
[SourceTitle "BritBase"]
[Source "britbase.info"]
[SourceDate "2021.07.30"]
[SourceVersion "1"]
[SourceVersionDate "2021.07.30"]
[SourceQuality "1"]

1. Nf3 Nf6 2. c4 g6 3. Nc3 Bg7 4. d4 d6 5. e4 O-O 6. Be2 e5 7. Be3 exd4 8. Nxd4
Re8 9. f3 c6 10. Bf2 Nbd7 11. O-O a5 12. Qd2 a4 13. Rad1 Qa5 14. Nc2 Ne5 15. b4
axb3 16. axb3 Be6 17. Ra1 Qc7 18. Nd4 1/2-1/2

[Event "Cardiff Masters"]
[Site "Cardiff"]
[Date "1997.02.21"]
[Round "9"]
[White "Saunders, John C"]
[Black "Tozer, Richard"]
[Result "1-0"]
[WhiteElo "2240"]
[BlackElo "2380"]
[PlyCount "79"]
[EventDate "1997.02.17"]
[EventType "tourn"]
[EventRounds "9"]
[EventCountry "WLS"]
[EventCategory "4"]
[SourceTitle "BritBase"]
[Source "britbase.info"]
[SourceDate "2021.07.30"]
[SourceVersion "1"]
[SourceVersionDate "2021.07.30"]
[SourceQuality "1"]

1. e4 c5 2. c3 b6 3. d4 Bb7 4. Nd2 cxd4 5. cxd4 g6 6. Ngf3 Bg7 7. Bd3 Nc6 8.
Qa4 a6 9. d5 Ne5 10. Nxe5 Bxe5 11. Nf3 Bg7 12. O-O Nf6 13. Qb3 d6 14. Be3 Nd7
15. Rfd1 O-O 16. Rac1 Nc5 17. Bxc5 dxc5 18. a4 Qd6 19. Nd2 Rab8 20. Nc4 Qf4 21.
Nxb6 Bc8 22. a5 Bg4 23. Re1 Be5 24. g3 Qf3 25. Qc2 Qf6 26. Rb1 Bc7 27. Nc4 Bd7
28. e5 Qg7 29. d6 exd6 30. exd6 Bd8 31. Ne5 Bh3 32. Qxc5 Bf6 33. Bxa6 Qh6 34.
Qe3 Qh5 35. Qf4 Bg5 36. Qf3 Qh6 37. Bc4 Bf5 38. Nc6 Bxb1 39. Nxb8 Rxb8 40.
Qxf7+ 1-0

[Event "Cardiff Masters"]
[Site "Cardiff"]
[Date "1997.02.21"]
[Round "9"]
[White "Williams, Simon Kim"]
[Black "Mannion, Stephen R"]
[Result "1-0"]
[WhiteElo "2255"]
[BlackElo "2380"]
[PlyCount "66"]
[EventDate "1997.02.17"]
[EventType "tourn"]
[EventRounds "9"]
[EventCountry "WLS"]
[EventCategory "4"]
[SourceTitle "BritBase"]
[Source "britbase.info"]
[SourceDate "2021.07.30"]
[SourceVersion "1"]
[SourceVersionDate "2021.07.30"]
[SourceQuality "1"]

1. c4 Nf6 2. Nc3 c5 3. e4 Nc6 4. g3 b6 5. Bg2 Bb7 6. Nge2 g6 7. O-O Bg7 8. d3
O-O 9. Rb1 e6 10. Bf4 d6 11. Qd2 Qe7 12. Bh6 Nd7 13. Bxg7 Kxg7 14. f4 f5 15.
exf5 gxf5 16. d4 Nf6 17. Rbd1 Na5 18. b3 Rad8 19. Bxb7 Nxb7 20. d5 exd5 21.
Nxd5 Nxd5 22. Qxd5 Na5 23. Rfe1 Qf6 24. b4 cxb4 25. Nd4 Qf7 26. Ne6+ Kg8 27.
Nxd8 Rxd8 28. Re6 b3 29. axb3 Nxb3 30. Rxd6 Rxd6 31. Qxd6 Nc5 32. Rd5 Kg7 33.
Re5 Ne4 1-0